Statistiche per Tavola Periodica degli Elementi

Clicka qui per fare il quiz!

Statistiche generali

  • Questo quiz è stato fatto 6,527 volte
  • Il punteggio medio è 54 su 118

Statistiche sulle risposte

# Simbolo Elemento % Corretto
1HIdrogeno
97%
8OOssigeno
95%
2HeElio
92%
79AuOro
90%
47AgArgento
88%
6CCarbonio
88%
26FeFerro
86%
11NaSodio
84%
19KPotassio
83%
7NAzoto
83%
29CuRame
82%
12MgMagnesio
81%
17ClCloro
78%
3LiLitio
76%
10NeNeon
76%
20CaCalcio
75%
38SrStronzio
74%
4BeBerillio
73%
5BBoro
73%
9FFluoro
73%
16SZolfo
72%
92UUranio
72%
13AlAlluminio
71%
25MnManganese
71%
15PFosforo
70%
18ArArgon
70%
14SiSilicio
66%
80HgMercurio
64%
53IIodio
62%
35BrBromo
61%
30ZnZinco
60%
78PtPlatino
59%
56BaBario
59%
74WTungsteno
59%
32GeGermanio
58%
54XeXenon
58%
24CrCromo
57%
87FrFrancio
57%
94PuPlutonio
56%
82PbPiombo
56%
86RnRadon
55%
33AsArsenico
54%
27CoCobalto
54%
88RaRadio
54%
31GaGallio
54%
84PoPolonio
53%
28NiNichel
52%
34SeSelenio
51%
50SnStagno
51%
55CsCesio
50%
22TiTitanio
50%
23VVanadio
48%
36KrKripton
48%
48CdCadmio
44%
46PdPalladio
41%
99EsEinsteinio
40%
51SbAntimonio
40%
37RbRubidio
39%
42MoMolibdeno
38%
81TlTallio
38%
77IrIridio
38%
57LaLantanio
38%
89AcAttinio
37%
40ZrZirconio
37%
52TeTellurio
37%
49InIndio
36%
100FmFermio
35%
93NpNettunio
35%
83BiBismuto
35%
95AmAmericio
35%
39YIttrio
35%
43TcTecnezio
34%
85AtAstato
34%
21ScScandio
34%
96CmCurio
34%
45RhRodio
33%
104RfRutherfordio
33%
101MdMendelevio
32%
98CfCalifornio
31%
76OsOsmio
31%
63EuEuropio
30%
44RuRutenio
30%
73TaTantalio
29%
90ThTorio
29%
41NbNiobio
27%
58CeCerio
26%
68ErErbio
26%
107BhBohrio
26%
102NoNobelio
25%
72HfAfnio
25%
71LuLutezio
25%
91PaProtoattinio
24%
75ReRenio
24%
70YbItterbio
24%
112CnCopernicio
23%
103LrLaurenzio
23%
97BkBerkelio
22%
60NdNeodimio
21%
67HoOlmio
21%
118OgOganesson
20%
115McMoscovio
20%
59PrPraseodimio
20%
64GdGadolinio
20%
62SmSamario
20%
108HsHassio
19%
69TmTulio
19%
61PmPromezio
19%
106SgSeaborgio
19%
65TbTerbio
19%
105DbDubnio
18%
117TsTennesso
17%
110DsDarmstadtio
16%
111RgRoentgenio
16%
114FlFlerovio
16%
66DyDisprosio
16%
113NhNihonio
15%
116LvLivermorio
15%
109MtMeitnerio
15%

Distribuzione punteggi

Percentile per numero di risposta

Percentuale di utenti per punteggio

I tuoi punteggi nel tempo

Non hai fatto questo quiz